Home Print Resources E-Books E-Journals IIMT Lecture Series Library Membership Form Book Recommendation Form Campus Tour Take AdmissionAbout Us Contact Us

PHARMACY LAW AND ETHICS (Record no. 67935)

000 -LEADER
fixed length control field 00393nam a22001577a 4500
003 - CONTROL NUMBER IDENTIFIER
control field OSt
005 - DATE AND TIME OF LATEST TRANSACTION
control field 20260423115719.0
008 - FIXED-LENGTH DATA ELEMENTS--GENERAL INFORMATION
fixed length control field 260423b |||||||| |||| 00| 0 eng d
020 ## - INTERNATIONAL STANDARD BOOK NUMBER
International Standard Book Number 9789354516917
040 ## - CATALOGING SOURCE
Transcribing agency IIMT COLLEGE OH PHARMACY GREATER NOIDA
100 ## - MAIN ENTRY--PERSONAL NAME
Personal name AHUJA, NARESH
245 ## - TITLE STATEMENT
Title PHARMACY LAW AND ETHICS
260 ## - PUBLICATION, DISTRIBUTION, ETC.
Place of publication, distribution, etc. NEW DELHI
Name of publisher, distributor, etc. NIRALI
Date of publication, distribution, etc. 2025
300 ## - PHYSICAL DESCRIPTION
Extent 304
942 ## - ADDED ENTRY ELEMENTS (KOHA)
Source of classification or shelving scheme
Koha item type Reference Book
Holdings
Withdrawn status Lost status Source of classification or shelving scheme Damaged status Not for loan Home library Current library Date acquired Cost, normal purchase price Inventory number Total Checkouts Barcode Date last seen Price effective from Koha item type
          NOIDA IIMT COLLEGE OF D-PHARMA NOIDA IIMT COLLEGE OF D-PHARMA 04/23/2026 370.00 GD/IN/392 12/03/2026   26-B-1819 04/23/2026 04/23/2026 Reference Book
IIMT, Central Library. All Rights Reserved IIMT,UNIVERSITY © 2023
Implemented and Customised by I CLOUDE EMS
You Are OPAC Visitor No
free web counter

Powered by Koha